000 00479nam a2200181Ia 4500
005 20250508163032.0
008 008 250505s9999 xx 000 0 hin d
037 _aTextual
040 _aFEDL
_beng
_cFEDL
041 _ahin
_2hin
084 _a891.22, BHA
_qFEDL
100 _aMishr Thakur Dutt
_9774590
245 0 _aPratigya
260 _aAllahabad, India
_bKitab Mahal
_c1956
300 _a70p.
942 _cTEXL
_h891.22, BHA
999 _c1380414
_d1380414